000 00747nam a2200289Ia 4500
005 20260324111234.0
008 008 260324s9999 xx 000 0 eng d
020 _a9781003506294
037 _aEBOOK
040 _aCRL
040 _beng
040 _cCRL
041 _2eng
041 _aeng
084 _qCRL
100 _aKonstantin Petoukhov
_91137726
245 4 _aThe Quest for Reparations for Indian Residential School Abuse
245 0 _bConfronting the Legacy of the Independent Assessment Process
260 _bTaylor and Francis
260 _c2025
365 _a
365 _b230
856 _uhttp://www.taylorfrancis.com/books/9781003506294
942 _cEBOOK
999 _c1726481
_d1726481